000 00395nam a2200145 i 4500
001 bg
100 1 _aWROTNY, Lucjan Tadeusz
245 0 _aProjektowanie obrabiarek :
_bzagadnienia ogólne i przykłady obliczeń /
_cLucjan Tadeusz Wrotny.
250 _aWyd.2 popr.
260 _aWarszawa,
_c1975.
040 _cBPK
041 _apol
942 _cKS
008 s pl f |000 0 pol
999 _c16353
_d16353
856 _uhttp://koha.tu.koszalin.pl/cgi-bin/koha/opac-detail.pl?biblionumber=16353
_yKatalog online BPK